| 000 | 00518cam a22001577a 4500 | ||
|---|---|---|---|
| 008 | 180718b1965 xxu||||| |||| 00| 0 eng d | ||
| 082 | _aB835x5412 In7g | ||
| 100 | _aBhattacharya, Mohit | ||
| 245 |
_aGovernment in metropolitian Calcutta: a manual _cby Mohit Bhattacharya, M.M. Singh and Frank J. Tysen |
||
| 260 |
_aBombay _bAsia _c1965 |
||
| 300 | _a238p. | ||
| 500 | _aCalcutta research studies; 1 | ||
| 650 | _aMetropolitan governemnt - West Bengal - India. | ||
| 700 | _aTysen, Frank J. | ||
| 700 | _aSingh, M.M. | ||
| 999 |
_c370718 _d370718 |
||